00848nam a2200241 a 450000100100000000500170001000800410002702000150006804000250008308200180010810000420012624500370016826000400020530000210024549000260026650000760029265000270036865000310039583000320042604900090045895201220046799900170058900002339220200930022203.0101206s1995 mx r 000 f spa d a9681902440 aDO-SdBNPbspacBNPHU aA863.4bC827p1 aCortázar, Julio,d1914-1984.91068810aLos premios /cJulio Cortázar. aMéxico, D.F. :bAlfaguara,c1995. a470 p. ;c22 cm.1 aAlfaguara literaturas aIncluye datos biográficos del autor en la solapa de la contracubierta 4aNovela argentina93941 4aLiteratura argentina93860 0aalfaguara literaturas99775 aBNGR 001054708MOaGRbGRcCTd2010-12-06iLF1l0oA863.4 C827pp23392-10r2020-06-25w2020-06-25y4ZPréstamo en sala c22889d22889